Economic organisation of modern Britain

Bibliographic Details
Format: Book
Published: London : Hidden and soughton , 1974
Subjects:

MARC

LEADER 00000cam a2200000 7i4500
001 0000008012
005 20160930.0
020 |a 0340184809 
040 |a INS 
090 0 0 |a HC256.6   |b B68 1974 
245 0 0 |a Economic organisation of modern Britain   |c Noel Branton 
260 |a London :   |b Hidden and soughton ,   |c 1974 
300 |a 213p. ;   |c 22 cm. 
650 0 0 |a Industries   |z Great Britain 
651 0 |a Great Britain   |x Economic condition 1964-1979 
999 |a 0000023904   |b BOOK   |c Open Shelf   |e Default branch